KÜÇÜK KARA BALIK (Record no. 945453)

MARC details
000 -LEADER
sabit uzunluktaki kontrol alanı 00246nam a2200097Ia 4500
001 - KONTROL NUMARASI
kontrol alanı 945453
005 - EN SON İŞLEMİN TARİH VE ZAMANI
kontrol alanı 20250826215423.0
008 - SABİT-UZUNLUKTA VERİ ÖĞELERİ--GENEL BİLGİ
sabit uzunluktaki kontrol alanı 250824s9999 xx 000 0 und d
245 #0 - ESER / YAZAR
ESER ADI KÜÇÜK KARA BALIK
Yazar Adı SAMED BEHRENGİ
260 ## - YAYIN, DAĞITIM, VB.
YAYIN EVİ AKVARYUM YAYINLARI
Holdings
Düşüm durumu Kayıp durumu Hasar Durumu Ödünç verilmez Ana kütüphane Geçerli Kütüphane Edinilen tarih Toplam ödünç verme sayısı Barkod Son görüntüleme tarihi Son ödünç verme tarihi Fiyatın geçerli olmaya başladığı tarih Koha materyal türü
        ŞEHİT İBRAHİM BETİN İLKOKULU ŞEHİT İBRAHİM BETİN İLKOKULU 24.08.2025 1 10563564 11.12.2025 01.12.2025 26.08.2025 Books